[Event "TUR-ch U20"]
[Site "Samsun"]
[Date "2023.05.25"]
[Round "9"]
[White "Akbas, Umut Ata"]
[Black "Angun, Batu"]
[Result "1-0"]
[WhiteElo "2417"]
[BlackElo "2205"]
[PlyCount "77"]
[EventDate "2023.05.19"]
[EventType "swiss"]
[EventRounds "9"]
[EventCountry "TUR"]
[SourceTitle "CBM 214 Extra"]
[Source "ChessBase"]
[SourceDate "2023.07.31"]
[SourceVersion "1"]
[SourceVersionDate "2023.07.31"]
[SourceQuality "1"]

1. e4 c5 2. Nf3 d6 3. d4 cxd4 4. Nxd4 Nf6 5. Nc3 e5 6. Nb3 Be6 7. f3 d5 8. exd5 Nxd5 9. Nxd5 Bxd5 10. Be3 Nc6 11. Qd2 Bb4 12. c3 Be7 13. 0-0-0 Be6 14. Qxd8+ Rxd8 15. Bb5 0-0 16. Nc5 Bc8 17. b4 h6 18. a4 Bg5 19. Bxg5 hxg5 20. a5 a6 21. Bxc6 bxc6 22. c4 g4 23. Rxd8 Rxd8 24. Rd1 Rxd1+ 25. Kxd1 gxf3 26. gxf3 Kh7 27. Kc2 Kg6 28. Kb3 Kf5 29. Ka4 Kf4 30. b5 cxb5+ 31. cxb5 axb5+ 32. Kxb5 Kxf3 33. Kb6 e4 34. Kc7 Bf5 35. a6 e3 36. a7 Be4 37. Nxe4 e2 38. Nd2+ Kf2 39. Nf3 1-0

[Event "Balikesir Sebboy Gp"]
[Site "Balikesir"]
[Date "2022.12.23"]
[Round "3.6"]
[White "Angun, Batu"]
[Black "Ozdemir, Serhan Berat"]
[Result "0-1"]
[WhiteElo "2250"]
[BlackElo "2142"]
[PlyCount "82"]
[EventDate "2022.12.22"]
[EventType "team-schev"]
[EventRounds "9"]
[EventCountry "TUR"]
[SourceTitle "CBM 212 Extra"]
[Source "ChessBase"]
[SourceDate "2023.03.31"]
[SourceVersion "1"]
[SourceVersionDate "2023.03.31"]
[SourceQuality "1"]
[WhiteTeam "Team D"]
[BlackTeam "Team A"]
[WhiteTeamCountry "TUR"]
[BlackTeamCountry "TUR"]

1. d4 Nf6 2. c4 e6 3. Nf3 Bb4+ 4. Bd2 a5 5. g3 d5 6. a3 Be7 7. Bg2 0-0 8. cxd5 exd5 9. Nc3 c6 10. Qc2 Nbd7 11. 0-0 Re8 12. Rab1 Bd6 13. Nh4 b5 14. Rfe1 Nb6 15. e4 b4 16. axb4 axb4 17. e5 bxc3 18. Bg5 cxb2 19. Qxb2 Nc4 20. Qc3 Bc7 21. exf6 Rxe1+ 22. Qxe1 h6 23. Bc1 Qxf6 24. Qe8+ Kh7 25. Bf1 g5 26. Ng2 Ra2 27. Nf4 Bxf4 28. Bxf4 gxf4 29. Qxc8 fxg3 30. Bd3+ Kg7 31. Qg4+ Qg5 32. Qxg3 Nd2 33. Qxg5+ hxg5 34. Rb4 Nf3+ 35. Kf1 Rd2 36. Be2 Nxd4 37. Bg4 f5 38. Bh5 Kh6 39. Be8 g4 40. Bd7 Kg5 41. Bc8 Rd1+ 0-1

[Event "EU-ch U18 30th"]
[Site "Antalya"]
[Date "2022.11.14"]
[Round "9"]
[White "Angun, Batu"]
[Black "Cevizci, Yusuf Baran"]
[Result "1-0"]
[WhiteElo "2266"]
[BlackElo "2041"]
[PlyCount "53"]
[EventDate "2022.11.06"]
[EventType "swiss"]
[EventRounds "9"]
[EventCountry "TUR"]
[SourceTitle "EXT 2024"]
[Source "ChessBase"]
[SourceDate "2023.10.10"]
[SourceVersion "1"]
[SourceVersionDate "2023.10.10"]
[SourceQuality "1"]

1. d4 d5 2. c4 c6 3. cxd5 cxd5 4. Bf4 Nc6 5. e3 Bf5 6. Qb3 Qd7 7. Nf3 f6 8. Nc3 e6 9. Rc1 g5 10. Bg3 h5 11. h3 Nh6 12. Bb5 Rc8 13. Nd2 a6 14. Bxc6 Rxc6 15. 0-0 h4 16. Bh2 g4 17. e4 g3 18. fxg3 dxe4 19. d5 Bc5+ 20. Kh1 Rb6 21. Ndxe4 Rxb3 22. Nxf6+ Kd8 23. Nxd7 Rxb2 24. Nxc5 Bxh3 25. gxh3 Ng4 26. hxg4 hxg3 27. Rf8+ 1-0

[Event "TUR-ch Youth"]
[Site "Denizli"]
[Date "2022.05.28"]
[Round "8"]
[White "Gunduz, Umut Erdem"]
[Black "Angun, Batu"]
[Result "1-0"]
[WhiteElo "2316"]
[BlackElo "2326"]
[PlyCount "41"]
[EventDate "2022.05.24"]
[EventType "swiss"]
[EventRounds "9"]
[EventCountry "TUR"]
[SourceTitle "EXT 2023"]
[Source "ChessBase"]
[SourceDate "2022.10.05"]
[SourceVersion "1"]
[SourceVersionDate "2022.10.05"]
[SourceQuality "1"]

1. e4 c5 2. Nf3 d6 3. d4 cxd4 4. Nxd4 Nf6 5. Nc3 a6 6. Bg5 Nbd7 7. Qe2 h6 8. Bh4 g6 9. f4 e5 10. fxe5 dxe5 11. 0-0-0 Qc7 12. Nb3 Bg7 13. Qc4 Qxc4 14. Bxc4 0-0 15. Rhf1 Nb6 16. Be2 Ng4 17. Bd8 Nd7 18. Bxg4 Rxd8 19. Nc5 b6 20. Nxd7 Ra7 21. Nf6+ 1-0

[Event "EU-Cup Online Gr-E"]
[Site "Tornelo INT"]
[Date "2021.03.28"]
[Round "7.2"]
[White "Abasov, Nijat Azad"]
[Black "Angun, Batu"]
[Result "0-1"]
[WhiteElo "2664"]
[BlackElo "2326"]
[PlyCount "96"]
[EventDate "2021.03.27"]
[EventType "team-tourn (rapid)"]
[EventRounds "9"]
[EventCountry "NET"]
[SourceTitle "CBM 201 Extra"]
[Source "ChessBase"]
[SourceDate "2021.05.31"]
[SourceVersion "1"]
[SourceVersionDate "2021.05.31"]
[SourceQuality "1"]
[WhiteTeam "Odlar Yurdu"]
[BlackTeam "Anatolia White"]
[WhiteTeamCountry "AZE"]
[BlackTeamCountry "TUR"]

1. c4 Nf6 2. Nc3 g6 3. Nf3 Bg7 4. d4 d5 5. cxd5 Nxd5 6. Na4 Bf5 7. Nh4 Bd7 8. e4 e5 9. Nf3 Nb6 10. Nxb6 axb6 11. Bg5 f6 12. Be3 exd4 13. Nxd4 Qe7 14. Qb3 Na6 15. Bb5 Nc5 16. Bxd7+ Qxd7 17. Qc2 0-0 18. 0-0 Rfe8 19. Rfd1 Nxe4 20. Rac1 c5 21. Nf3 Qf7 22. a3 f5 23. Bf4 Rad8 24. h4 b5 25. Ng5 Nxg5 26. Bxg5 Rxd1+ 27. Rxd1 c4 28. Qd2 Qe6 29. g3 Qe4 30. Qd7 h6 31. Be3 Qc6 32. Qd2 Kh7 33. Qb4 Qf3 34. Rd7 Rxe3 35. fxe3 Qxg3+ 36. Kf1 Qf3+ 37. Ke1 Qxe3+ 38. Kd1 Qf3+ 39. Kc1 Qf4+ 40. Kb1 Qe5 41. Re7 Qf6 42. Rxb7 f4 43. Rxb5 f3 44. Qxc4 f2 45. Qf1 Qxh4 46. Ka2 Qf6 47. a4 Qe6+ 48. Rb3 Qe1 0-1

[Event "EU-ch Online U16"]
[Site "Tornelo INT"]
[Date "2020.09.20"]
[Round "8"]
[White "Angun, Batu"]
[Black "Kanyamarala, Tarun"]
[Result "1-0"]
[WhiteElo "2162"]
[BlackElo "2018"]
[PlyCount "115"]
[EventDate "2020.09.18"]
[EventType "swiss (rapid)"]
[EventRounds "9"]
[EventCountry "NET"]
[SourceTitle "EXT 2023"]
[Source "ChessBase"]
[SourceDate "2022.10.05"]
[SourceVersion "1"]
[SourceVersionDate "2022.10.05"]
[SourceQuality "1"]
[WhiteTeam "Turkey"]
[BlackTeam "Irland"]
[WhiteTeamCountry "TUR"]
[BlackTeamCountry "IRL"]

1. d4 d5 2. c4 c6 3. Nf3 Nf6 4. Nc3 e6 5. e3 Nbd7 6. Qc2 Bd6 7. Bd3 dxc4 8. Bxc4 0-0 9. 0-0 e5 10. b3 Qe7 11. Bd3 h6 12. Bb2 Re8 13. Ne4 Nxe4 14. Bxe4 exd4 15. Bh7+ Kh8 16. Bxd4 Ne5 17. Nxe5 Bxe5 18. Bxe5 Qxe5 19. Bd3 Bg4 20. h3 Be6 21. Rae1 Rad8 22. f4 Qf6 23. Kh1 Bc8 24. e4 Qh4 25. Kh2 Rd4 26. Qc3 Red8 27. Re3 Qe7 28. Rg3 Qd6 29. Bc4 Qf6 30. Bd3 b6 31. e5 Qe6 32. Bb1 f5 33. exf6 Qxf6 34. Qc2 Kg8 35. Qh7+ Kf8 36. Rg6 Qf7 37. Rxc6 Rxf4 38. Qh8+ Ke7 39. Rc7+ Rd7 40. Re1+ Kd6 41. Rxc8 Rd4 42. Qf8+ Qxf8 43. Rxf8 Rd2 44. Rff1 Kc5 45. Bf5 R7d5 46. Be4 Rd7 47. a3 Kd4 48. Bf3 Kc3 49. Re3+ Kb2 50. Rfe1 Kxa3 51. Bg4 Rc7 52. Be6 Rcc2 53. Rg3 g5 54. Ra1+ Kb2 55. Rxa7 Rc1 56. b4 Rdd1 57. Rb3+ Kc2 58. Ra2# 1-0

[Event "EU-ch Online U16"]
[Site "Tornelo INT"]
[Date "2020.09.19"]
[Round "5"]
[White "Naumovich, Yaroslav"]
[Black "Angun, Batu"]
[Result "1/2-1/2"]
[WhiteElo "2040"]
[BlackElo "2162"]
[PlyCount "102"]
[EventDate "2020.09.18"]
[EventType "swiss (rapid)"]
[EventRounds "9"]
[EventCountry "NET"]
[SourceTitle "EXT 2023"]
[Source "ChessBase"]
[SourceDate "2022.10.05"]
[SourceVersion "1"]
[SourceVersionDate "2022.10.05"]
[SourceQuality "1"]
[WhiteTeam "Belarus"]
[BlackTeam "Turkey"]
[WhiteTeamCountry "BLR"]
[BlackTeamCountry "TUR"]

1. Nf3 Nf6 2. d4 g6 3. c4 Bg7 4. g3 0-0 5. Bg2 c6 6. 0-0 d5 7. cxd5 cxd5 8. Nc3 Ne4 9. e3 Nxc3 10. bxc3 Nc6 11. Nd2 Bf5 12. e4 dxe4 13. Nxe4 Rc8 14. Nc5 b6 15. Nb3 Qd7 16. Re1 Rfd8 17. Be3 Bh3 18. Bxh3 Qxh3 19. Qf3 Qd7 20. Rad1 h6 21. c4 Nb4 22. Qe2 Qa4 23. Rd2 Rd7 24. Rb1 Na6 25. c5 Nc7 26. cxb6 axb6 27. Rc2 Rcd8 28. Qc4 Qa7 29. Nc1 Nd5 30. Nd3 Rc7 31. Qb3 Rxc2 32. Qxc2 e6 33. Nb4 Nxb4 34. Rxb4 Qa5 35. Qb3 Ra8 36. a4 Bf8 37. Rxb6 Qxa4 38. Qxa4 Rxa4 39. Rb8 Kg7 40. Bxh6+ Kxh6 41. Rxf8 Kg7 42. Rd8 Ra5 43. Kg2 Kf6 44. Rd7 Rf5 45. h4 Ra5 46. g4 Ra3 47. f3 Rd3 48. Kg3 Rd1 49. Kf4 Rh1 50. Kg3 Rd1 51. g5+ Kg7 1/2-1/2

[Event "EU-ch Online U16"]
[Site "Tornelo INT"]
[Date "2020.09.18"]
[Round "3"]
[White "Koch Mueller, Oscar"]
[Black "Angun, Batu"]
[Result "0-1"]
[WhiteElo "1948"]
[BlackElo "2162"]
[PlyCount "58"]
[EventDate "2020.09.18"]
[EventType "swiss (rapid)"]
[EventRounds "9"]
[EventCountry "NET"]
[SourceTitle "EXT 2023"]
[Source "ChessBase"]
[SourceDate "2022.10.05"]
[SourceVersion "1"]
[SourceVersionDate "2022.10.05"]
[SourceQuality "1"]
[WhiteTeam "Denmark"]
[BlackTeam "Turkey"]
[WhiteTeamCountry "DEN"]
[BlackTeamCountry "TUR"]

1. d4 Nf6 2. c4 g6 3. Nc3 d5 4. cxd5 Nxd5 5. e4 Nxc3 6. bxc3 Bg7 7. Bg5 c5 8. Rc1 0-0 9. Nf3 cxd4 10. cxd4 Bg4 11. d5 h6 12. Bd2 Nd7 13. Be2 Nf6 14. h3 Bd7 15. Bd3 e6 16. d6 Bc6 17. e5 Nd7 18. Bc3 Bxf3 19. Qxf3 Nxe5 20. Bxe5 Qa5+ 21. Kf1 Bxe5 22. d7 Rad8 23. Qxb7 Qd2 24. Qb1 Rxd7 25. Rd1 Qf4 26. Bb5 Bd4 27. Qc2 Rd5 28. Bc6 Rc5 29. Qd2 Qxd2 0-1